00234nam a2200097Ia 4500008004100000100002000041245003800061260002100099300000800120650000800128191201s2015 xx 000 0 und d aSHARMA,Gajendra 0aDesign and Analysis of Algorithms bKhanna Pubc2015 a656 aMCA